000 01407nam0a22003371 4500
001 rc\3019173
005 20220222113622.0
035 _a(NLR Aleph) 007161342
090 _a7252237
_c7252237
100 _a20110927d1940 |||y0rusy50 ca
101 0 _arus
102 _aRU
105 _aa z |||||
135 _acrmn mmmanaba
200 1 _aКавказская овчарка горной зоны Северного Кавказа
_fПодгот. к печати Г.А. Чеботаревым
_gОрджониидз. краев. опыт. станция по животноводству
210 _aПятигорск
_cКрайведиздат
_d1940
215 _a42 с., 4 вкл. л. табл.
_cил., табл.
_d19 см
325 _aКопия доступна в Электрон. б-ке РНБ
700 1 _aКомиссаржевский
_bФ. И.
_gФедор Иванович
702 1 _aЧеботарев
_bГ. А.
_gГеоргий Александрович
_4570
801 0 _aRU
_bNLR
_gpsbo
801 1 _aRU
_bELAR
_2rusmarc
852 _aNLR
_j40-10/1052
856 0 _uhttps://vivaldi.nlr.ru/bx700001218/view
856 1 _uhttps://vivaldi.nlr.ru/bx700001218/cover
856 2 _uhttps://vivaldi.nlr.ru/bx700001218/text
942 _cBOOK
980 _aNB